000 01318cam a2200301Ia 4500
003 data
005 20260322212007.0
008 data
010 _a2006028993
020 _a0312376650
020 _a9780312376659
040 _aLKR
_cLKR
_dUtOrBLW
_dCPL
_dTOL
_dUtOrBLW
050 1 4 _aRC685.C6
_bA43 2008
092 _a616.1 A43 2008
100 1 _aAgatston, Arthur.
245 1 4 _aThe South Beach heart health revolution :
_bcardiac prevention that can reverse heart disease and stop heart attacks and strokes /
_cArthur Agatston.
250 _a1st St. Martin Griffin ed.
260 _aNew York :
_bSt. Martin's Griffin,
_c2008.
300 _axviii, 297 p. :
_bill. ;
_c21 cm.
500 _aReprint. Originally published as: The South Beach heart program. [Emmaus, Pa.?] : Rodale, c2007.
504 _aIncludes bibliographical references (p. 267-282) and index.
520 _aIntroduces a program emphasizing a preventative rather than a therapeutic attitude toward cardiac health, detailing four key elements--heart-healthy eating, functional fitness, advanced blood test and heart imaging, and protective medications.
650 0 _aCoronary heart disease
_xPrevention.
650 0 _aCoronary heart disease
_xTreatment.
650 0 _aHeart
_xPrevention.
_xPrevention.
650 0 _aMedicine, Preventive.
001 data
999 _c114
_d114